SpongeBob Locations #3 (Enthusiasts Only) 🍍 - Statistics

General Stats
  • This quiz has been taken 124 times
  • The average score is 6 of 24
Answer Stats
Picture Answer % Correct
Krusty Krab
100%
Chum Bucket
97%
Patty Vault
53%
Bubble Bowl
41%
Kuddly Krab
38%
Perfume Department
32%
Weenie Hut General
27%
Encino, California
26%
Make-Out Reef
25%
The Main Drain
22%
Bubbletown
21%
Bikini Bottom Hug Fest
20%
Flabby Patty
19%
Planktopolis
16%
Bikini Atoll
15%
Bikini Bottom Tar Pits
15%
Random Land
14%
Doodle Dimension
13%
Fiery Fist O' Pain
13%
Shelly Superhighway
13%
Demolition Derby
8%
Dutchman's Triangle
3%
Palace of Pranks
1%
The Designated Area Where You Are Permitted by Man Ray, Your Ruler, to Obtain Sandwiches Using Man Ray Dollars
0%
No matching quizzes found
Score Distribution
Percent of People with Each Score
Percentile by Number Answered
Your Score History
You have not taken this quiz